| 000 | 00860nam a2200277 i 4500 | ||
|---|---|---|---|
| 001 | bg | ||
| 100 | 1 | _aNORTON, Peter | |
| 245 | 1 | 0 |
_aWewnątrz komputera IBM PC i PS/2 / _cPeter Norton ; [tł. z ang. Wojciech M. Próchniewicz]. |
| 246 | 1 | _aWewnątrz komputera IBM PC oraz PS/2 | |
| 250 | _aWyd. 4. | ||
| 260 |
_aWarszawa : _b"Translator", _ccop.[1991]. |
||
| 300 |
_a315 s. : _brys., wykr. ; _c24 cm. |
||
| 500 | _aTyt. okł.: Wewnątrz IBM PC oraz PS/2". - Na okł. wyd.1. | ||
| 500 | _aOryg.: Inside IBM PC and PS/2". | ||
| 504 | _aIndeks. | ||
| 650 | 9 |
_aKomputery _xbudowa i organizacja |
|
| 655 | _aPodręczniki | ||
| 700 | 1 |
_aPRÓCHNIEWICZ, Wojciech M. _eTł. |
|
| 020 | _a8386149000 | ||
| 040 | _cBPK | ||
| 041 | 1 |
_apl _hen |
|
| 080 | _a681.322(07) | ||
| 920 | _a83-86149-00-0 | ||
| 942 | _cKS | ||
| 008 | s pl f |000 0 pol | ||
| 999 |
_c6273 _d6273 |
||
| 856 |
_uhttp://koha.tu.koszalin.pl/cgi-bin/koha/opac-detail.pl?biblionumber=6273 _yKatalog online BPK |
||